000 00375nam a2200133 a 4500
005 20140412111419.0
008 070906s19uu xx 00 eng d
020 _a983-187-179-0
050 _aTR(GS 372.3
_bAn7 2007
245 _aBeginning Science workbook.Ages 6-8.
260 _aMalaysia :
_bRhythm Publishing,
_c2007.
300 _a192p. : ill. ; 25.5cm
999 _c105945
_d105945